Building construction,vol-1 / -Metric Edition (Record no. 62)
[ view plain ]
| 000 -LEADER | |
|---|---|
| fixed length control field | 00357cam a2200157ua 4500 |
| 020 ## - INTERNATIONAL STANDARD BOOK NUMBER | |
| ISBN | 9789332508231 |
| 082 ## - DEWEY DECIMAL CLASSIFICATION NUMBER | |
| Classification number | 690 |
| Item number | MCK/BU |
| 100 ## - MAIN ENTRY--AUTHOR NAME | |
| Personal name | Mkay, W.B . |
| 245 ## - TITLE STATEMENT | |
| Title | Building construction,vol-1 / -Metric Edition |
| 250 ## - EDITION STATEMENT | |
| Edition statement | 4 / 5 |
| 260 ## - PUBLICATION, DISTRIBUTION, ETC. (IMPRINT) | |
| Place of publication | London : |
| Name of publisher | Pearson - Longmans , |
| Year of publication | 2013 |
| 300 ## - PHYSICAL DESCRIPTION | |
| Number of Pages | 172 ; ./170 |
| 942 ## - ADDED ENTRY ELEMENTS (KOHA) | |
| Koha item type | Books |
| 003 - CONTROL NUMBER IDENTIFIER | |
| control field | @ |
| 003 - CONTROL NUMBER IDENTIFIER | |
| control field | OSt |
| Withdrawn status | Lost status | Damaged status | Home library | Current library | Date acquired | Full call number | Accession Number | Koha item type | Collection code | Shelving location | Source of acquisition | Cost, normal purchase price |
|---|---|---|---|---|---|---|---|---|---|---|---|---|
| KAUAET | KAUAET | 07/04/2012 | 690 | 3915 | Books | |||||||
| KAUAET | KAUAET | 07/04/2012 | 690 | 3914 | Books | |||||||
| KAUAET | KAUAET | 01/11/1988 | 690 | 16405 | Books | |||||||
| KAUAET | KAUAET | 22/07/2016 | 690 MCK/BU | 24259 | Books | General Stacks | Professional Book Centre. | 399.00 |
